000 01277nam a2200325Ia 4500
001 ebr10318521
003 CaPaEBR
006 m u
007 cr cn|||||||||
008 060821s2006 mau sb 001 0 eng d
010 _z 2006047227
020 _z0674023099
020 _z9780674023093
020 _z9780674027299
040 _aCaPaEBR
_cCaPaEBR
035 _a(OCoLC)651878251
050 1 4 _aHB72
_b.F639 2006eb
082 0 4 _a330.153
_222
100 1 _aFoley, Duncan K.
245 1 0 _aAdam's fallacy
_h[electronic resource] :
_ba guide to economic theology /
_cDuncan K. Foley.
260 _aCambridge, Mass. ;
_aLondon :
_bHarvard University Press,
_c2006.
300 _axv, 265 p.
504 _aIncludes bibliographical references and index.
533 _aElectronic reproduction.
_bPalo Alto, Calif. :
_cebrary,
_d2009.
_nAvailable via World Wide Web.
_nAccess may be limited to ebrary affiliated libraries.
600 1 0 _aSmith, Adam,
_d1723-1790.
_tInquiry into the nature and causes of the wealth of nations.
650 0 _aEconomics
_xPhilosophy.
655 7 _aElectronic books.
_2local
710 2 _aebrary, Inc.
856 4 0 _uhttp://site.ebrary.com/lib/rucke/Doc?id=10318521
_zAn electronic book accessible through the World Wide Web; click to view
999 _c59833
_d59833